UBT Library

ADVANCES COMPUTING CONCEPTS AND TECHNNIQUES IN CONTROL ENGINEERING (Record no. 14785)

000 -LEADER
fixed length control field 00343nam a22001337a 4500
008 - FIXED-LENGTH DATA ELEMENTS--GENERAL INFORMATION
fixed length control field 170529b xxu||||| |||| 00| 0 eng d
020 ## - INTERNATIONAL STANDARD BOOK NUMBER
International Standard Book Number 3540500375
041 ## - LANGUAGE CODE
Language code of text/sound track or separate title eng
080 ## - UNIVERSAL DECIMAL CLASSIFICATION NUMBER
Universal Decimal Classification number 621
100 ## - Rafti
Rafti 25
101 ## - Shkurtesa
Shkurtesa IM
245 ## - TITLE STATEMENT
Title ADVANCES COMPUTING CONCEPTS AND TECHNNIQUES IN CONTROL ENGINEERING
Statement of responsibility, etc DENHAM.M.J
942 ## - ADDED ENTRY ELEMENTS (KOHA)
Source of classification or shelving scheme
Item type Books

No items available.

UBT Library © 2015-2024. All rights reserved University Education for Business and Technology